Portales: Perfil histórico

Guardat en:
Dades bibliogràfiques
Autor principal: Huneeus Gana, Jorge (Autor)
Format: Llibre
Idioma:espanyol
Publicat: Santiago Imprenta Universitaria 1918
Edició:1a. ed
Matèries:
Etiquetes: Afegir etiqueta
Sense etiquetes, Sigues el primer a etiquetar aquest registre!

MARC

LEADER 00000nam a2200000 a 4500
001 UCJ3988
003 CL-VaPUC
005 20210818210710.0
008 070124e19180000CL |||||||||||||||||spa|d
999 |c 320106  |d 320104 
040 |c Pontificia Universidad Católica de Valparaíso 
082 0 4 |a 923  |b POR  |2 21 
100 |a Huneeus Gana, Jorge  |e author  |9 858110 
245 1 0 |a Portales: Perfil histórico 
250 |a 1a. ed 
260 |a Santiago  |b Imprenta Universitaria  |c 1918 
300 |a 40 p 
500 |a Conferencia leída el 11 de noviembre de 1893 en el centenario del nacimiento de Portales, cuyo nombre completo era José Diego Víctor Portales Palazuelos 
583 |a last modification  |c 20070124 00:00:00  |k Rodrigo Vera 
600 0 |a Portales y Palazuelos, Diego   |9 436961 
650 7 |a BIOGRAFIA  |2 CL-VaPUC  |9 504622 
650 0 |a Partidos políticos  |9 254999 
650 7 |a PARTIDO CONSERVADOR  |2 CL-VaPUC  |9 405101 
650 7 |a REGIMEN PORTALIANO  |2 CL-VaPUC  |9 428454 
650 0 |a Etica política   |9 255799 
852 |a BIBCUR 
942 |c BK  |2 ddc 
945 |d 20070124 00:00:00  |a rinostro 
952 |0 0  |1 0  |4 0  |6 923_000000000000000_POR_1918  |7 0  |8 C  |9 398570  |a FDOBUD  |b FDOBUD  |d 2019-11-22  |i 101174K  |o 923 POR 1918  |p 101174K  |r 2019-11-22  |w 2019-11-22  |y BK  |k BUD